| 000 | 00493nam a2200205Ia 4500 | ||
|---|---|---|---|
| 001 | 14294 | ||
| 003 | GE_BSU | ||
| 008 | 181216s||||||||xx |||||||||||||| ||und|| | ||
| 020 | _a0706438736 | ||
| 040 | _cGE_BSU | ||
| 080 | _a635.9 | ||
| 100 | _aBeckett, Kenneth A. | ||
| 245 | _aGreenhouse Gardening and Growing Under Glass | ||
| 260 | _aLondon | ||
| 260 | _bOctopus Books | ||
| 260 | _c1989 | ||
| 300 | _a96p.ill. | ||
| 653 | _aGreenhouse Gardening and Growing Under Glass | ||
| 942 | _cBK | ||
| 999 |
_c47432 _d47432 |
||